eGovernment and process driven public administration

Pojem procesné riadenie a business process reengineering. Faktory vzniku myšlienok procesného riadenia. Aplikácia procesného riadenia vo verejnej správe. Tri základné oblasti životných udalostí, strategických hodnôt a procesu verejnej správy.

Salvato in:
Dettagli Bibliografici
Autore principale: Řepa, Václav
Natura: Capitolo di libro
Lingua:ceco
Soggetti:
Tags: Aggiungi Tag
Nessun Tag, puoi essere il primo ad aggiungerne!!

MARC

LEADER 00000naa a2200000 4500
001 0195136
005 20220729111315.9
041 0 |a cze 
044 |a SK 
245 1 0 |a eGovernment and process driven public administration  |c Václav Řepa 
520 |a Pojem procesné riadenie a business process reengineering. Faktory vzniku myšlienok procesného riadenia. Aplikácia procesného riadenia vo verejnej správe. Tri základné oblasti životných udalostí, strategických hodnôt a procesu verejnej správy. 
610 2 0 |a správa verejná 
610 2 0 |a reengineering 
610 2 0 |a správa verejná elektronická 
610 2 0 |a technológie informačné 
610 2 0 |a technológie komunikačné 
610 2 0 |a systémy informačné 
610 2 0 |a zámery podnikateľské 
610 2 0 |a riadenie procesné 
100 1 |a Řepa, Václav